<?xml version="1.0" encoding="UTF-8"?>
<resp>
  <nextPage>https://data.bn.org.pl/api/networks/bibs.marcxml?marc=001+b00001150001804&amp;sinceId=1150001805</nextPage>
  <collection>
    <record xmlns='http://www.loc.gov/MARC21/slim'><leader>00973namZa2200313ZiZ4500</leader><controlfield tag='001'>b00001150001804</controlfield><controlfield tag='005'>20260416110527.2</controlfield><controlfield tag='008'>230609s        pl           |000 0 pol c</controlfield><controlfield tag='009'>9913261949005606</controlfield><datafield ind1=' ' ind2=' ' tag='020'><subfield code='a'>8371533047</subfield></datafield><datafield ind1=' ' ind2=' ' tag='035'><subfield code='a'>KR_1KR_1_20120317231753078566-48omnis_kr</subfield></datafield><datafield ind1=' ' ind2=' ' tag='035'><subfield code='a'>(PL)b00001150001804</subfield></datafield><datafield ind1=' ' ind2=' ' tag='040'><subfield code='a'>KR_1</subfield><subfield code='c'>KR_1</subfield></datafield><datafield ind1='0' ind2=' ' tag='041'><subfield code='a'>pol</subfield></datafield><datafield ind1='1' ind2=' ' tag='100'><subfield code='a'>Usenko, Natalìâ Oleksandrìvna</subfield></datafield><datafield ind1='1' ind2='0' tag='245'><subfield code='a'>Mikołajek /</subfield><subfield code='c'>Natalia Usenko ; [il. Anna i Lech Stefaniakowie].</subfield></datafield><datafield ind1=' ' ind2=' ' tag='260'><subfield code='a'>W-wa :</subfield><subfield code='b'>&quot;Kama&quot;,</subfield><subfield code='c'>[2001].</subfield></datafield><datafield ind1=' ' ind2=' ' tag='300'><subfield code='a'>12 s.] :</subfield><subfield code='b'>il. kolor. ;</subfield><subfield code='c'>15x16 cm.</subfield></datafield><datafield ind1='1' ind2=' ' tag='490'><subfield code='a'>Biblioteka Najmłodszych</subfield></datafield><datafield ind1=' ' ind2=' ' tag='500'><subfield code='a'>d</subfield></datafield><datafield ind1='1' ind2=' ' tag='700'><subfield code='a'>Stefaniak, Anna</subfield><subfield code='e'>Il.</subfield></datafield><datafield ind1='1' ind2=' ' tag='700'><subfield code='a'>Stefaniak, Lech Stanisław</subfield><subfield code='e'>Il.</subfield></datafield><datafield ind1=' ' ind2=' ' tag='852'><subfield code='b'>48OMNIS_NETWORK</subfield><subfield code='8'>9913261949005606</subfield></datafield><datafield ind1=' ' ind2=' ' tag='852'><subfield code='b'>48OMNIS_KR</subfield><subfield code='8'>991000018039708216</subfield></datafield><datafield ind1=' ' ind2=' ' tag='920'><subfield code='a'>83-7153-304-7</subfield></datafield></record>
  </collection>
</resp>
